L'Esquerra i la qüestió nacional i altres paradoxes / Pep Subirós
Descripción Física:
107 p. ; 20 cm
Colección:
Polítiques ; 12
Materias:
Nacionalisme -- Catalunya
MARC
| LEADER | 00000nam a2200000Ia 4500 | ||
|---|---|---|---|
| 001 | 9729 | ||
| 008 | 160829s1992 xx 000 0 cat d | ||
| 080 | |a M-2-263 | ||
| 100 | 1 | |a Subirós, Pep, |d 1947- |9 37341 | |
| 245 | |a L'Esquerra i la qüestió nacional i altres paradoxes / Pep Subirós | ||
| 260 | |a Barcelona : |b Edicions 62, |c 1992 | ||
| 300 | |a 107 p. ; |c 20 cm | ||
| 490 | |a Polítiques ; 12 | ||
| 650 | 0 | |a Nacionalisme |z Catalunya |9 11008 | |
| 901 | |a Arxiu | ||
| 942 | |n 1 | ||
| 952 | |0 0 |1 0 |4 0 |6 M2263 |7 1 |9 41516 |a Arxiu |b Arxiu |d 2016-12-01 |l 0 |o M-2-263 |p 9729 |r 2016-12-01 00:00:00 |w 2016-12-01 |y ARXIU | ||
| 999 | |c 43324 |d 43324 | ||